• 首页
  • 本馆介绍
  • 公告通知
  • 最新文献
  • 馆藏检索
  • 电子资源
  • 读者导购
  • 参考咨询
  • 我的图书馆
  • 登录
  • 详细信息显示
  • 放入我的书架
  • 预约/预借图书
  • 作者相关作品
  • 分类相关作品
  • 丛书相关作品
  • 出版社相关作品

书目信息

  • 表格格式
  • 工作单格式
  • 卡片格式
题名:
物质、质量和重量
    
 
作者: 周国正 编著
分册:  
出版信息: 北京   科学普及出版社  1981
页数: 174页
开本: 19cm
丛书名:
单 册:
中图分类: O56
科图分类:
主题词: 分子物理学 , 原子物理学
电子资源:
ISBN:
000 00639nam0 2200241 45
001 0181005040
005 20060817155439.75
010    @dCNY0.49
091    @a13051.1099
100    @a19950428d1981 em y0chiy0121 ea
101 0  @achi
102    @aCN@b110000
105    @ay z 000yy
200 10 @a物质、质量和重量@Awu zhi zhi liang he zhong liang@f周国正编著@FZhou Guo Zheng Bian Zhu
210    @a北京@c科学普及出版社@d1981
215    @a174页@d19cm
606    @a分子物理学
606    @a原子物理学
690    @aO56@v3
701  0 @a周国正@4编著
801  2 @aCN@bNLC@c20060817
801  0 @aCN@b上海图书馆@c20060726
905    @dO56@e12
    
    物质、质量和重量/周国正编著.-北京:科学普及出版社,1981
    174页;19cm
    
    
    ISBN :CNY0.49
    
●
相关链接 在E读中查询图书 在五车中查询图书 在当当中查询图书 在豆瓣中查询图书


正题名:物质、质量和重量     索取号:O56/12         预约/预借

序号 登录号 条形码 馆藏地/架位号 状态 备注
1 0054885   001450771   第三借阅区/ [索取号:O56/12] 在馆    
2 0054886   001966448   第三借阅区/ [索取号:O56/12] 在馆    
3 0054887   001450780   第三借阅区/ [索取号:O56/12] 在馆    
4 0054888   001450851   第三借阅区/ [索取号:O56/12] 在馆    
5 0054889   001450815   第二样本阅览室/ [索取号:O56/12] 在馆    
6 0432445   204324454   密集书库/ [索取号:O56/12] 在馆    
7 0432512   204325122   密集书库/ [索取号:O56/12] 在馆    
8 0433179   204331794   密集书库/ [索取号:O56/12] 在馆    
9 0433180   204331801   密集书库/ [索取号:O56/12] 在馆    
10 0433181   204331810   密集书库/ [索取号:O56/12] 在馆    
11 0433182   204331829   密集书库/ [索取号:O56/12] 在馆    
12 0433183   204331838   密集书库/ [索取号:O56/12] 在馆    
13 0433184   204331847   密集书库/ [索取号:O56/12] 在馆    
14 0462090   204620909   密集书库/ [索取号:O56/12] 在馆    
15 0468463   204684635   密集书库/ [索取号:O56/12] 在馆    
唐山师范学院图书馆 欢迎您!
大连网信软件有限公司© 版权所有